000 01146nam0a22003011 4500
001 v19\rc\1647733
005 20070927163857.3
035 _a(NLR Aleph) 005241036
090 _a5704618
_c5704618
100 _a20061002d1887 u y0rusy50 ca
101 0 _arus
102 _aRU
105 _ay z |||a|
200 1 _aТридцать три рассказа
_f[Соч.] К. Случевского
210 _aСанкт-Петербург
_cтип. А.С. Суворина
_d1887
215 _a[4], 351 с.
_d19
300 _aВо 2-м изд. загл.: Исторические картинки. Разные рассказы
451 0 _12001#$aИсторические картинки$eРазные рассказы
700 1 _aСлучевский
_bК. К.
_f1837-1904
_gКонстантин Константинович
_3RU\NLR\AUTH\7732447
_7ca
801 0 _aRU
_bNLR
_c20061002
_gpsbo
801 0 _aRU
_bRuMoRGB
_c20061002
_2psbo
801 1 _aRU
_bProSoft-M
_c20061002
_2rusmarc
801 2 _aRU
_bNLR
_c20070927
_2rusmarc
852 _aNLR
_j18.253.7.34
852 _aNLR
_j129/5370
942 _cBOOK
980 _aSCAN_REQUEST
980 _aNB